Bringing Gradual and Radical Change Change in Tithe income in Salfe Seventh-day Adventist Church / (Record no. 13547)
[ view plain ]
| 000 -LEADER | |
|---|---|
| fixed length control field | 00594nam a22001697a 4500 |
| 003 - CONTROL NUMBER IDENTIFIER | |
| control field | AUA.1 |
| 005 - DATE AND TIME OF LATEST TRANSACTION | |
| control field | 20191017145824.0 |
| 008 - FIXED-LENGTH DATA ELEMENTS--GENERAL INFORMATION | |
| fixed length control field | 141104t xxu||||| |||| 00| 0 eng d |
| 040 ## - CATALOGING SOURCE | |
| Transcribing agency | JTL |
| 050 ## - LIBRARY OF CONGRESS CALL NUMBER | |
| Classification number | MA Lead |
| Item number | .S55 2014 |
| 100 ## - MAIN ENTRY--PERSONAL NAME | |
| Personal name | Shibibo Tadesse Erassa |
| 9 (RLIN) | 47612 |
| 245 ## - TITLE STATEMENT | |
| Title | Bringing Gradual and Radical Change Change in Tithe income in Salfe Seventh-day Adventist Church / |
| Statement of responsibility, etc | Shibibo Tadesse Erassa |
| 300 ## - PHYSICAL DESCRIPTION | |
| Extent | v, 75 leaves |
| Dimensions | 29 cm. |
| 650 ## - SUBJECT ADDED ENTRY--TOPICAL TERM | |
| Topical term or geographic name as entry element | Tithes |
| General subdivision | Gradual Radical changes |
| 9 (RLIN) | 47613 |
| 651 ## - SUBJECT ADDED ENTRY--GEOGRAPHIC NAME | |
| Geographic name | Ethiopia |
| Geographic subdivision | Salfe |
| 9 (RLIN) | 47614 |
| 942 ## - ADDED ENTRY ELEMENTS (KOHA) | |
| Source of classification or shelving scheme | AUA Inhouse Classification |
| Koha item type | Project |
| Classification part | MA Lead |
| Item part | .S55 2014 |
| Withdrawn status | Lost status | Source of classification or shelving scheme | Damaged status | Not for loan | Collection code | Home library | Current library | Shelving location | Date acquired | Source of acquisition | Cost, normal purchase price | Serial Enumeration / chronology | Full call number | Barcode | Date last seen | Cost, replacement price | Price effective from | Koha item type | Copy number |
|---|---|---|---|---|---|---|---|---|---|---|---|---|---|---|---|---|---|---|---|
| AUA Inhouse Classification | JTL Research Collection | Judith Thomas Library | Judith Thomas Library | Judith Thomas Library Research Section | 04/11/2014 | AUA RESEARCH DEPARTMENT | 15.00 | AUA016624 | MA Lead .S55 2014 | AUA016624 | 04/11/2014 | 15.00 | 04/11/2014 | Project | |||||
| AUA Inhouse Classification | JTL Research Collection | Judith Thomas Library | Judith Thomas Library | Judith Thomas Library Research Section | 04/11/2014 | AUA RESEARCH DEPARTMENT | 15.00 | AUA016625 | MA Lead .S55 2014 | AUA016625 | 04/11/2014 | 15.00 | 04/11/2014 | Project | 2 |